Мониторинг эксплуатируемых в условиях низких температур железобетонных пролетных строений моста, усиленных полимерными композитами; Перспективы развития фундаментальных наук; Т. 6 : Строительство и архитектура

Bibliografiske detaljer
Parent link:Перспективы развития фундаментальных наук=Prospects of Fundamental Sciences Development: сборник научных трудов XIV Международной конференции студентов, аспирантов и молодых ученых, г. Томск, 25-28 апреля 2017 г./ Национальный исследовательский Томский политехнический университет (ТПУ) ; под ред. И. А. Курзиной, Г. А. Вороновой.— , 2017
Т. 6 : Строительство и архитектура.— 2017.— [С. 47-49]
Hovedforfatter: Хрюкин А. А.
Andre forfattere: Смолина М. В. (научный руководитель)
Summary:Заглавие с экрана
The article discusses strengthening bridges using composite materials at extreme low temperatures. Provides the results some experimental studies FRP strengthened concrete samples at low temperatures.
Sprog:russisk
Udgivet: 2017
Fag:
Online adgang:http://earchive.tpu.ru/handle/11683/45303
Format: Electronisk Book Chapter
KOHA link:https://koha.lib.tpu.ru/cgi-bin/koha/opac-detail.pl?biblionumber=625653

MARC

LEADER 00000naa2a2200000 4500
001 625653
005 20231101133355.0
035 |a (RuTPU)RU\TPU\conf\24913 
035 |a RU\TPU\conf\24912 
090 |a 625653 
100 |a 20171216d2017 k y0rusy50 ca 
101 0 |a rus  |d eng 
102 |a RU 
105 |a y z 100zy 
135 |a drcn ---uucaa 
181 0 |a i  
182 0 |a b 
200 1 |a Мониторинг эксплуатируемых в условиях низких температур железобетонных пролетных строений моста, усиленных полимерными композитами  |d Monitoring of cfrp-strengthened reinforced concrete bridge spans in low temperature conditions  |f А. А. Хрюкин, М. В. Смолина  |g науч. рук. М. В. Смолина 
203 |a Текст  |c электронный 
230 |a 1 компьютерный файл (pdf; 194 Kb) 
300 |a Заглавие с экрана 
320 |a [Библиогр.: с. 49 (6 назв.)] 
330 |a The article discusses strengthening bridges using composite materials at extreme low temperatures. Provides the results some experimental studies FRP strengthened concrete samples at low temperatures. 
461 1 |0 (RuTPU)RU\TPU\conf\21388  |t Перспективы развития фундаментальных наук  |l Prospects of Fundamental Sciences Development  |o сборник научных трудов XIV Международной конференции студентов, аспирантов и молодых ученых, г. Томск, 25-28 апреля 2017 г.  |o в 7 т.  |f Национальный исследовательский Томский политехнический университет (ТПУ) ; под ред. И. А. Курзиной, Г. А. Вороновой  |d 2017 
463 1 |0 (RuTPU)RU\TPU\conf\21397  |t Т. 6 : Строительство и архитектура  |v [С. 47-49]  |d 2017 
510 1 |a Monitoring of cfrp-strengthened reinforced concrete bridge spans in low temperature conditions  |z eng 
610 1 |a электронный ресурс 
610 1 |a железобетонные конструкции 
610 1 |a композитные материалы 
610 1 |a климатические условия 
610 1 |a напряженно-деформированное состояние 
610 1 |a грузоподъемность 
700 1 |a Хрюкин  |b А. А. 
701 1 |a Смолина  |b М. В. 
702 1 |a Смолина  |b М. В.  |4 727 
801 2 |a RU  |b 63413507  |c 20171219  |g RCR 
856 4 |u http://earchive.tpu.ru/handle/11683/45303 
942 |c BK